| 000 | 00779cam a22002533 4500 | ||
|---|---|---|---|
| 001 | 9560 | ||
| 003 | BD-RjUL | ||
| 005 | 20211208234811.0 | ||
| 008 | 140121r1920 enka 001 0 eng | ||
| 035 | _a(BD-RjUL)9605 | ||
| 040 |
_aDLC _cDLC _beng _dBD-RjUL |
||
| 041 | _aeng | ||
| 082 |
_219 _a 551.116 _bSEE 1920 |
||
| 100 | 1 |
_aSearle, G. F. C. _q(George Frederick Charles), _d1864- _929622 |
|
| 245 | 1 | 0 |
_aExperimental elasticity : _ba manual for the laboratory / _cby G.F.C. Searle ... |
| 260 |
_aCambridge : _bUniversity press, _c[Reprinted1920]. |
||
| 300 |
_axvi, 187 p. : _bdiagrs. ; _c22 cm. |
||
| 504 | _aIncludes indesx | ||
| 650 | 0 |
_aElasticity. _929624 |
|
| 942 |
_2ddc _cBK |
||
| 999 |
_c9560 _d9560 |
||